000 00551nai a2200169Ia 4500
003 IN-BaIIA
008 211028c9999 xx s 000 0 eng d
022 _a1467-7652 (Online)
040 _cIIA Library
245 0 _aPlant Biotechnology Journal
_h[eJournal]
260 _aNew Jersey
_bJohn Wiley & Sons
310 _aMonthly
362 _a1(1); 2003 - Present
521 _bSubscribed through National Knowledge Resource Consortium (NKRC)
856 _uhttps://onlinelibrary.wiley.com/journal/14677652
_yClick Here to Access eJournal
942 _cEJ
999 _c35560
_d35560